[Event "San Francisco TNM Summer op"]
[Site "San Francisco"]
[Date "2013.05.28"]
[Round "1"]
[White "Tsodikova, Natalia"]
[Black "Murilo, Filho"]
[Result "1-0"]
[WhiteElo "2262"]
[BlackElo "1760"]
[PlyCount "61"]
[EventDate "2013.05.28"]
[EventType "swiss"]
[EventRounds "8"]
[EventCountry "USA"]
[SourceTitle "EXT 2016"]
[Source "ChessBase"]
[SourceDate "2015.10.08"]
[SourceVersion "1"]
[SourceVersionDate "2015.10.08"]
[SourceQuality "1"]

1. e4 c5 2. Nf3 Nc6 3. d3 d6 4. g3 g6 5. Bg2 Bg7 6. 0-0 Nf6 7. Nbd2 0-0 8. c3 Bg4 9. h3 Bd7 10. a4 Rc8 11. Re1 e5 12. Nc4 Be6 13. Ng5 Re8 14. Nxe6 Rxe6 15. Ne3 Re8 16. g4 Bh6 17. Qf3 Bg7 18. g5 Nh5 19. Nd5 a6 20. h4 b5 21. Bh3 Rb8 22. axb5 axb5 23. Bg4 Ne7 24. Nf6+ Nxf6 25. gxf6 h5 26. Bh3 Nc6 27. fxg7 Qxh4 28. Ra6 Nd8 29. Rxd6 Ra8 30. Qg3 Qe7 31. Rd7 1-0

[Event "San Francisco TNM Spring op"]
[Site "San Francisco"]
[Date "2013.03.26"]
[Round "2"]
[White "James, Charles"]
[Black "Murilo, Filho"]
[Result "1-0"]
[WhiteElo "1535"]
[BlackElo "1716"]
[PlyCount "67"]
[EventDate "2013.03.19"]
[EventType "swiss"]
[EventRounds "8"]
[EventCountry "USA"]
[SourceTitle "EXT 2016"]
[Source "ChessBase"]
[SourceDate "2015.10.08"]
[SourceVersion "1"]
[SourceVersionDate "2015.10.08"]
[SourceQuality "1"]

1. d4 d5 2. c4 c6 3. Nc3 Nf6 4. Nf3 Bf5 5. e3 e6 6. Bd3 Bxd3 7. Qxd3 Bb4 8. 0-0 Bxc3 9. Qxc3 Nbd7 10. b3 0-0 11. Ba3 Re8 12. Ne5 Rc8 13. c5 Nxe5 14. dxe5 Nd7 15. f4 Qh4 16. Rf3 Qg4 17. Rd1 Nf8 18. f5 exf5 19. Rd4 Qg5 20. Rdf4 g6 21. Rg3 Qh5 22. Rh3 Qg5 23. Bb2 Ne6 24. Rfh4 h5 25. Qb4 Qe7 26. Rg3 Kf8 27. Rgh3 Nxc5 28. Qf4 Qe6 29. Qg5 b6 30. Rxh5 gxh5 31. Rxh5 Qg6 32. Rh8+ Kg7 33. e6+ f6 34. Bxf6# 1-0

[Event "San Francisco TNM Winter op"]
[Site "San Francisco"]
[Date "2013.02.19"]
[Round "7"]
[White "Murilo, Filho"]
[Black "Olson, David L"]
[Result "0-1"]
[WhiteElo "1745"]
[BlackElo "1541"]
[PlyCount "48"]
[EventDate "2013.01.08"]
[EventType "swiss"]
[EventRounds "8"]
[EventCountry "USA"]
[SourceTitle "EXT 2016"]
[Source "ChessBase"]
[SourceDate "2015.10.08"]
[SourceVersion "1"]
[SourceVersionDate "2015.10.08"]
[SourceQuality "1"]

1. d4 d5 2. Nf3 Nf6 3. Bf4 g6 4. e3 Bg7 5. Nc3 0-0 6. h3 b6 7. Bd3 a6 8. 0-0 c5 9. Re1 c4 10. Bf1 b5 11. a3 Bf5 12. Nh4 Nc6 13. Nxf5 gxf5 14. Be2 Kh8 15. a4 b4 16. Nb1 Rg8 17. c3 Ne4 18. f3 Nd6 19. Nd2 Rb8 20. Qc2 b3 21. Qb1 e5 22. Bg3 Qg5 23. Bh2 Qxe3+ 24. Kh1 Qxd2 0-1

[Event "San Francisco TNM Fall op"]
[Site "San Francisco"]
[Date "2012.11.27"]
[Round "7"]
[White "Murilo, Filho"]
[Black "Campers, William"]
[Result "1-0"]
[WhiteElo "1832"]
[BlackElo "1607"]
[PlyCount "87"]
[EventDate "2012.10.16"]
[EventType "swiss"]
[EventRounds "9"]
[EventCountry "USA"]
[SourceTitle "EXT 2014"]
[Source "ChessBase"]
[SourceDate "2013.11.20"]
[SourceVersion "1"]
[SourceVersionDate "2013.11.20"]
[SourceQuality "1"]

1. d4 d5 2. Nf3 Nf6 3. Bf4 c6 4. c3 b5 5. e3 Bf5 6. Bd3 Ne4 7. Nbd2 h6 8. Qc2 Nd7 9. Nxe4 dxe4 10. Bxe4 Bxe4 11. Qxe4 Rc8 12. Be5 Nxe5 13. Nxe5 Qd5 14. Qxd5 cxd5 15. a4 bxa4 16. Rxa4 Rc7 17. 0-0 f6 18. Ng6 Rg8 19. Rfa1 Kf7 20. Nf4 e6 21. Rxa7 Bd6 22. Rxc7+ Bxc7 23. Ra7 Rc8 24. Nd3 Ke7 25. Nb4 Kd6 26. Kf1 g6 27. Ke2 Rb8 28. Rxc7 Rxb4 29. cxb4 Kxc7 30. Kd3 Kb6 31. Kc3 Kb5 32. Kb3 e5 33. g4 h5 34. h3 hxg4 35. hxg4 e4 36. Kc3 Kc6 37. Kb3 Kb5 38. Ka3 f5 39. gxf5 gxf5 40. Kb3 Kb6 41. Ka4 Ka6 42. b5+ Kb6 43. Kb4 Kc7 44. Kc5 1-0